000 00475nam a2200181Ia 4500
008 220531s9999 xx 000 0 und d
041 _aeng
082 _bCRI / LAX
100 _aLaxmiprasad, P.V.
_976668
245 _aCritical Readings on the Fictional World of Manju Kapur
250 _a1ST
260 _aJaipur
_bAadi
_c2016
300 _a246
542 _d10-07-2018
650 _aCritical Reading
_976669
906 _d2018-2019
_f12704
999 _c42563
_d42563